[Event "Moscow Open 2009 B"]
[Site "www.moscowchessopen.ru"]
[Date "2009.02.07"]
[Round "8.200"]
[White "Meshechko, Julia"]
[Black "Dudysheva, Yuliya"]
[Result "1-0"]
[WhiteElo "1897"]
[BlackElo "1400"]
[Annotator ""]
[Source ""]
[Remark ""]

1.e4 c5 2.d3 d6 3.g3 Nf6 4.Bg2 e6 5.Ne2 Nc6 6.O-O Be7 7.c4 a6
8.Nbc3 Rb8 9.a4 Bd7 10.d4 cxd4 11.Nxd4 Nxd4 12.Qxd4 Qc7 13.b3
O-O 14.Ba3 Bc6 15.Rad1 Rfd8 16.Rfe1 Ne8 17.Ne2 Bf6 18.Qe3 b5
19.axb5 axb5 20.c5 b4 21.cxd6 Nxd6 22.Bc1 Nb5 23.Qc5 Be7 24.Qc4
Qb7 25.Bb2 Nd6 26.Qd4 e5 27.Qe3 Nxe4 28.Bxe5 Rbc8 29.Rxd8+ Rxd8
30.Nd4 Bc5 31.Bxe4 Bxe4 32.Qg5 f6 33.Bxf6 Bh1 34.Nc6 Kh8 35.Bxg7+
Qxg7 36.Qxd8+ Bf8 37.Kxh1 1-0

[Event "Moscow Open 2009 B"]
[Site "www.moscowchessopen.ru"]
[Date "2009.02.07"]
[Round "8.201"]
[White "Nepomnin, Vladilen"]
[Black "Chuprakov, Ruslan"]
[Result "1-0"]
[WhiteElo "1888"]
[BlackElo "1400"]
[Annotator ""]
[Source ""]
[Remark ""]

1.e4 e6 2.d4 d5 3.Nd2 Nf6 4.exd5 exd5 5.Ngf3 Be7 6.Bd3 O-O 7.O-O
Nc6 8.c3 Re8 9.Re1 Bg4 10.h3 Bh5 11.Nf1 h6 12.Ng3 Bxf3 13.Qxf3
Bd6 14.Bf4 Bxf4 15.Qxf4 Rc8 16.Bf5 Rxe1+ 17.Rxe1 Rb8 18.Bd3 b6
19.Nf5 Nh5 20.Nxh6+ gxh6 21.Qxh6 Nf6 22.Re3 Ne7 23.Rg3+ Ng6 24.Bxg6
fxg6 25.Qxg6+ Kf8 26.Rf3 1-0

[Event "Moscow Open 2009 B"]
[Site "www.moscowchessopen.ru"]
[Date "2009.02.07"]
[Round "8.202"]
[White "Mezentsev, Ivan"]
[Black "Tamarovskiy, Andrey"]
[Result "0-1"]
[WhiteElo "1400"]
[BlackElo "1883"]
[Annotator ""]
[Source ""]
[Remark ""]

1.c4 e5 2.Nc3 d6 3.g3 Be6 4.Nd5 c6 5.Ne3 Nf6 6.Bg2 g6 7.d4 exd4
8.Qxd4 Bg7 9.Nf3 O-O 10.O-O d5 11.cxd5 Nxd5 12.Qd1 Nd7 13.Rb1
N7b6 14.b3 Qe7 15.Nd4 Nc3 16.Qd3 Nxb1 17.Nxe6 Qxe6 18.Qxb1 Rad8
19.Bb2 Bxb2 20.Qxb2 Rd6 21.h3 Rfd8 22.Ng4 f6 23.Rc1 h5 24.Ne3
Kf7 25.g4 Rd2 26.Rc2 Rxc2 27.Qxc2 hxg4 28.Nxg4 Nd5 29.Qc1 g5 0-1

[Event "Moscow Open 2009 B"]
[Site "www.moscowchessopen.ru"]
[Date "2009.02.07"]
[Round "8.203"]
[White "Nizhegorodtsev, Dmitry"]
[Black "Galyaev, Ivan"]
[Result "1-0"]
[WhiteElo "1879"]
[BlackElo "1400"]
[Annotator ""]
[Source ""]
[Remark ""]

1.e4 c5 2.Nf3 Nc6 3.Bb5 g6 4.Bxc6 bxc6 5.d3 Bg7 6.Nbd2 Nf6 7.c3
Ba6 8.Qc2 O-O 9.O-O Qc7 10.Re1 Rfe8 11.Nf1 d5 12.e5 Nd7 13.d4
cxd4 14.cxd4 e6 15.h4 Rac8 16.Bf4 c5 17.Rac1 c4 18.h5 Qb7 19.N1h2
Rb8 20.Rb1 Rec8 21.hxg6 hxg6 22.Ng4 Qb4 23.Bd2 Qf8 24.Bc3 Bb5
25.g3 Nb6 26.Kg2 Na4 27.Rh1 Nxc3 28.Qxc3 Ba4 29.Qd2 Qb4 30.Qf4
Qe7 31.Nf6+ Kf8 32.Rh7 Qb7 33.Rbh1 Ke7 34.Rxg7 Rf8 35.Rhh7 Kd8
36.Ng5 Qxb2 37.Nxe6+ fxe6 38.Qg5 Kc8 39.Rc7+ 1-0

[Event "Moscow Open 2009 B"]
[Site "www.moscowchessopen.ru"]
[Date "2009.02.07"]
[Round "8.204"]
[White "Alieva, Nurlana"]
[Black "Karev, Jurij"]
[Result "1/2-1/2"]
[WhiteElo "1874"]
[BlackElo "1400"]
[Annotator ""]
[Source ""]
[Remark ""]

1.e4 e5 2.Nf3 Nc6 3.d4 exd4 4.Nxd4 Nxd4 5.Qxd4 d6 6.Bc4 Qf6 7.Be3
Be7 8.Nc3 c6 9.O-O-O Qxd4 10.Bxd4 Nf6 11.f3 Be6 12.Bxe6 fxe6
13.e5 dxe5 14.Bxe5 O-O 15.Rhe1 Kf7 16.Bxf6 gxf6 17.Rd7 Rab8 18.Ne4
Ke8 19.Rd3 Rd8 20.Red1 f5 21.Ng3 Bg5+ 22.Kb1 Rf7 1/2-1/2

[Event "Moscow Open 2009 B"]
[Site "www.moscowchessopen.ru"]
[Date "2009.02.07"]
[Round "8.205"]
[White "De Luna Butz, Alberto"]
[Black "Popenko, Igor"]
[Result "1/2-1/2"]
[WhiteElo "1849"]
[BlackElo "1400"]
[Annotator ""]
[Source ""]
[Remark ""]

1.d4 Nf6 2.Bg5 e6 3.e4 Be7 4.Bd3 d5 5.e5 Nfd7 6.Bxe7 Qxe7 7.c3
c5 8.Ne2 cxd4 9.cxd4 Qb4+ 10.Qd2 Nc6 11.a3 Qxd2+ 12.Nxd2 O-O
13.O-O Nb6 14.Rac1 Bd7 15.Rc2 Rac8 16.b4 Ne7 17.Rfc1 Rxc2 18.Rxc2
Rc8 19.Rc5 Na4 20.Rxc8+ Nxc8 21.f4 Ncb6 22.Kf2 Nb2 23.Bc2 1/2-1/2

[Event "Moscow Open 2009 B"]
[Site "www.moscowchessopen.ru"]
[Date "2009.02.07"]
[Round "8.206"]
[White "Komov, Sergey"]
[Black "Tilessov, Danat"]
[Result "1/2-1/2"]
[WhiteElo "1809"]
[BlackElo "1400"]
[Annotator ""]
[Source ""]
[Remark ""]

1.e4 c5 2.Nf3 Nc6 3.d4 cxd4 4.Nxd4 Nf6 5.Nc3 d6 6.Be2 e5 7.Nb3
Be7 8.O-O O-O 9.Be3 a5 10.Nd2 d5 11.exd5 Nxd5 12.Nxd5 Qxd5 13.Bf3
Qd8 14.Nc4 Bf6 15.c3 Be6 16.Nd6 Qd7 17.Ne4 Qxd1 18.Rfxd1 a4 19.Nc5
Na5 20.Nxe6 fxe6 21.Rd7 Rf7 22.Rad1 Rxd7 23.Rxd7 Rd8 24.Rxd8+
Bxd8 25.Be2 Kf7 26.Bb5 Bc7 27.Bc1 Ke7 28.Bxa4 Nc4 29.Bc2 g6 30.a4
Kd6 31.Be4 Nb6 32.b3 Nd5 33.Ba3+ Kd7 34.Bb2 b6 35.b4 Bd8 36.b5
Kd6 37.g3 Bf6 38.Kf1 Kc5 39.Bd3 1/2-1/2

[Event "Moscow Open 2009 B"]
[Site "www.moscowchessopen.ru"]
[Date "2009.02.07"]
[Round "8.207"]
[White "Ulyankin, Igor"]
[Black "Gavrilenko, Viktor"]
[Result "0-1"]
[WhiteElo "1400"]
[BlackElo "1969"]
[Annotator ""]
[Source ""]
[Remark ""]

1.d4 Nf6 2.c4 e6 3.Nc3 Bb4 4.Qc2 c5 5.a3 Qa5 6.e3 Nc6 7.Nf3 Bxc3+
8.bxc3 cxd4 9.Nxd4 Nxd4 10.exd4 b6 11.Bd3 Bb7 12.f3 Rc8 13.Rb1
Bc6 14.Qb3 Qa4 15.Kf2 O-O 16.Bf4 d5 17.Be5 dxc4 18.Bxc4 0-1

[Event "Moscow Open 2009 B"]
[Site "www.moscowchessopen.ru"]
[Date "2009.02.07"]
[Round "8.208"]
[White "Ahmadov, Vusal Karimkhan Oglu"]
[Black "Antonov, Alexandr L."]
[Result "1-0"]
[WhiteElo "1953"]
[BlackElo "1400"]
[Annotator ""]
[Source ""]
[Remark ""]

1.e4 e6 2.d4 d5 3.Nd2 Nf6 4.Bd3 c5 5.Ngf3 Nc6 6.c3 Qb6 7.O-O
dxe4 8.Nxe4 Nxe4 9.Bxe4 cxd4 10.cxd4 Be7 11.Be3 Qa5 12.a3 O-O
13.Qc2 g6 14.Bxc6 bxc6 15.Qxc6 Ba6 16.b4 Qb6 17.Qxb6 axb6 18.Rfc1
Rfc8 19.Rxc8+ Rxc8 20.Rc1 Rxc1+ 21.Bxc1 f6 22.Be3 Bd8 23.a4 Kf7
24.b5 Bb7 25.Nd2 Bd5 26.f3 Ke7 27.Kf2 Bc7 28.Ne4 Bb3 29.Nc3 Bd6
30.Ke2 Bb4 31.Kd3 Bxc3 32.Kxc3 Bxa4 33.Kb4 Bc2 34.d5 exd5 35.Bxb6
Kd6 36.Bd4 f5 37.f4 Kd7 38.Kc5 Ba4 39.Kb6 Kd6 40.Be5+ Kd7 41.Ka5
Bb3 42.b6 Kc8 43.Ka6 1-0

[Event "Moscow Open 2009 B"]
[Site "www.moscowchessopen.ru"]
[Date "2009.02.07"]
[Round "8.210"]
[White "Petukhov, Nikolay"]
[Black "Kalmykova, Tatiana"]
[Result "1/2-1/2"]
[WhiteElo "1843"]
[BlackElo "1400"]
[Annotator ""]
[Source ""]
[Remark ""]

1.e4 c6 2.d4 d5 3.e5 Bf5 4.Bd3 Bxd3 5.Qxd3 e6 6.Qg3 Ne7 7.Ne2
Nf5 8.Qg4 Nd7 9.Ng3 Qh4 10.Qxh4 Nxh4 11.O-O c5 12.c3 Be7 13.f4
g6 14.Be3 Nf5 15.Nxf5 gxf5 16.Nd2 Rc8 17.Rac1 O-O 18.c4 Nb6 19.b3
dxc4 20.Nxc4 Nxc4 21.Rxc4 cxd4 22.Rxd4 Bc5 23.Rd3 Bxe3+ 24.Rxe3
Rc2 25.a4 Rfc8 26.Rg3+ 1/2-1/2

[Event "Moscow Open 2009 B"]
[Site "www.moscowchessopen.ru"]
[Date "2009.02.07"]
[Round "8.211"]
[White "Radyanets, Andrey"]
[Black "Kruchinin, Anatoly V"]
[Result "0-1"]
[WhiteElo "1400"]
[BlackElo "1809"]
[Annotator ""]
[Source ""]
[Remark ""]

1.d4 Nc6 2.Nf3 d5 3.e3 Nf6 4.c3 Bg4 5.h3 Bxf3 6.Qxf3 e5 7.Qd1
e4 8.Be2 a6 9.O-O Bd6 10.Nd2 Ne7 11.c4 c6 12.a3 Bb8 13.Re1 Qd6
14.Nf1 Ng6 15.Bd2 a5 16.Qb3 Qc7 17.Rec1 dxc4 18.Bxc4 O-O 19.Rc2
a4 20.Qa2 Qd7 21.Bb4 Bd6 22.Bxd6 Qxd6 23.Ng3 Ne7 24.Rac1 h5 25.Be2
h4 26.Nf5 b5 27.Rc5 Nfd5 28.Qb1 Qe6 29.Qc2 0-1

[Event "Moscow Open 2009 B"]
[Site "www.moscowchessopen.ru"]
[Date "2009.02.07"]
[Round "8.212"]
[White "Kanatzhanov, Nurzhan"]
[Black "Bondarev, Ivan"]
[Result "0-1"]
[WhiteElo "1400"]
[BlackElo "1759"]
[Annotator ""]
[Source ""]
[Remark ""]

1.e4 c6 2.Nc3 d5 3.Nf3 Bg4 4.d3 e6 5.h3 Bxf3 6.Qxf3 Nd7 7.Be2
Ngf6 8.O-O Be7 9.Bg5 O-O 10.Qg3 d4 11.Nb1 Nxe4 12.dxe4 Bxg5 13.f4
Be7 14.c3 Qb6 15.Qd3 dxc3+ 16.Kh1 cxb2 17.Qxd7 bxa1Q 18.Qxe7
Qxa2 19.f5 Qxe2 20.Rg1 exf5 0-1

[Event "Moscow Open 2009 B"]
[Site "www.moscowchessopen.ru"]
[Date "2009.02.07"]
[Round "8.213"]
[White "Kosov, Igor"]
[Black "Kanaev, Sergey"]
[Result "1-0"]
[WhiteElo "1743"]
[BlackElo "1400"]
[Annotator ""]
[Source ""]
[Remark ""]

1.d4 d5 2.c4 e6 3.Nc3 Nf6 4.Bg5 Nbd7 5.Nf3 Be7 6.e3 b6 7.cxd5
exd5 8.Bd3 Bb7 9.O-O O-O 10.Rc1 c5 11.Bb1 c4 12.Qc2 a6 13.Rfe1
Ne4 14.Bxe7 Qxe7 15.Rcd1 Rac8 16.Nd2 f5 17.f3 Nd6 18.e4 fxe4
19.fxe4 Qf6 20.Nxd5 Qxd4+ 21.Kh1 Bxd5 22.exd5 g6 23.Nf3 Qg7 24.Ng5
Qf6 25.Ne6 1-0

[Event "Moscow Open 2009 B"]
[Site "www.moscowchessopen.ru"]
[Date "2009.02.07"]
[Round "8.214"]
[White "Zhuldybin, Maxim"]
[Black "Motruk, Oleg"]
[Result "1-0"]
[WhiteElo "1400"]
[BlackElo "1727"]
[Annotator ""]
[Source ""]
[Remark ""]

1.e4 d5 2.exd5 Nf6 3.Nf3 Nxd5 4.d4 g6 5.Bc4 Bg7 6.O-O c6 7.c3
O-O 8.a3 b5 9.Bxd5 Qxd5 10.Re1 e6 11.Nbd2 a5 12.Ne4 Na6 13.Bf4
f5 14.Neg5 h6 15.Nh3 Qd8 16.Ne5 g5 17.Nxc6 Qe8 18.Bxg5 hxg5 19.Nxg5
Qxc6 20.Qh5 Rf6 21.d5 Qd6 22.dxe6 Qe7 23.Rad1 Bxe6 24.Rxe6 Rxe6
25.Qh7+ Kf8 26.Qxf5+ Rf6 27.Nh7+ Kg8 28.Nxf6+ Bxf6 29.Qd5+ Kg7
30.Qxa8 Nc5 31.g3 a4 32.Qc6 Qe2 33.Rd6 Ne4 34.Qd7+ Kh6 35.Qf5
Nxd6 36.Qxf6+ Kh7 37.Qxd6 Qe1+ 38.Kg2 Qe4+ 39.Kh3 Qf5+ 40.g4
Qf3+ 41.Qg3 Qd1 42.f4 Qf1+ 43.Kh4 1-0

[Event "Moscow Open 2009 B"]
[Site "www.moscowchessopen.ru"]
[Date "2009.02.07"]
[Round "8.215"]
[White "Khorsun, Vsevolod"]
[Black "Mifodovsky, Valery"]
[Result "1/2-1/2"]
[WhiteElo "1715"]
[BlackElo "1400"]
[Annotator ""]
[Source ""]
[Remark ""]

1.d4 Nf6 2.Nc3 d5 3.Bg5 e6 4.e4 dxe4 5.Nxe4 Be7 6.Bxf6 Bxf6 7.Nf3
O-O 8.c3 b6 9.Bd3 Bb7 10.Qc2 h6 11.h4 Nd7 12.Neg5 Bxf3 13.gxf3
Bxg5 14.hxg5 Qxg5 15.Be4 Rad8 16.Ke2 f5 17.Rag1 Qf6 18.Bd3 c5
19.Qd2 Kh7 20.Rg2 cxd4 21.cxd4 Nb8 22.Rhg1 Rf7 23.Rg6 Qxg6 24.Rxg6
Kxg6 25.Bb5 a6 26.Ba4 b5 27.Bb3 Nc6 28.d5 exd5 29.Qf4 Kh7 30.Kf1
g6 31.Qe3 Rfd7 32.Qb6 Nb8 33.a4 bxa4 34.Bxa4 Rd6 35.Qc7+ Kh8 1/2-1/2

[Event "Moscow Open 2009 B"]
[Site "www.moscowchessopen.ru"]
[Date "2009.02.07"]
[Round "8.216"]
[White "Amelichkin, Nikolay"]
[Black "Nikologorskiy, Ioann"]
[Result "1-0"]
[WhiteElo "1400"]
[BlackElo "1400"]
[Annotator ""]
[Source ""]
[Remark ""]

1.e4 c5 2.Nf3 d6 3.d4 cxd4 4.Nxd4 Nf6 5.Bg5 Nxe4 6.Bh4 a6 7.Bd3
Nc5 8.O-O g6 9.Re1 Qc7 10.Nc3 e6 11.Nd5 Qa5 12.b4 Qa4 13.Nf6+
Kd8 14.bxc5 Qxd4 15.Ne4+ Be7 16.Bxe7+ Kxe7 17.cxd6+ Kf8 18.Qd2
Kg7 19.c3 Qe5 20.f4 Qd5 21.c4 Qd4+ 22.Qe3 Qxe3+ 23.Rxe3 Nc6 24.c5
Bd7 25.Rb1 Rab8 26.Nd2 Rhc8 27.Nc4 Rd8 28.Nb6 Nd4 29.Nxd7 Rxd7
30.Bxa6 Rdd8 31.Rxb7 Rxb7 32.Bxb7 Rb8 33.c6 Nb5 34.Rd3 1-0

[Event "Moscow Open 2009 B"]
[Site "www.moscowchessopen.ru"]
[Date "2009.02.07"]
[Round "8.218"]
[White "Matyushin, Lev"]
[Black "Shein, Andrey"]
[Result "1-0"]
[WhiteElo "1865"]
[BlackElo "1400"]
[Annotator ""]
[Source ""]
[Remark ""]

1.e4 c5 2.f4 g6 3.Nf3 Bg7 4.Bc4 Nc6 5.c3 d6 6.Ng5 e6 7.O-O Bh6
8.d4 Nce7 9.Be3 d5 10.Bb5+ Bd7 11.Bxd7+ Qxd7 12.dxc5 Bxg5 13.fxg5
Nc6 14.b4 a6 15.exd5 exd5 16.Bd4 Nxd4 17.Qxd4 f6 18.gxf6 Qf7
19.Qe5+ Kd7 20.Qd6+ Kc8 21.Nd2 Nh6 22.Rae1 Re8 23.Re7 1-0

[Event "Moscow Open 2009 B"]
[Site "www.moscowchessopen.ru"]
[Date "2009.02.07"]
[Round "8.219"]
[White "Volodin, Andrej"]
[Black "Rodnov, Sergey"]
[Result "1-0"]
[WhiteElo "1400"]
[BlackElo "1512"]
[Annotator ""]
[Source ""]
[Remark ""]

1.d4 Nf6 2.c4 g6 3.Nc3 Bg7 4.Nf3 d6 5.h3 Nbd7 6.Qb3 O-O 7.Bf4
Nh5 8.Bh2 Re8 9.e3 e5 10.Be2 c5 11.d5 a6 12.Ne4 Qa5+ 13.Nfd2
Qc7 14.Ng5 Nhf6 15.e4 Rb8 16.a4 h6 17.Ngf3 Qa5 18.O-O Nf8 19.Rfb1
Bd7 20.Nf1 Nxe4 21.Bd3 Nf6 22.Bc2 N8h7 23.Nh4 Ng5 24.Qe3 Qb4
25.b3 Nh5 26.Nxg6 Nf4 27.Nxf4 exf4 28.Qxf4 Bxa1 29.Qxd6 Bg7 30.Qxd7
Rbd8 31.Qf5 f6 32.h4 Nf7 33.Ne3 1-0

[Event "Moscow Open 2009 B"]
[Site "www.moscowchessopen.ru"]
[Date "2009.02.07"]
[Round "8.221"]
[White "Ersin, Nurbek"]
[Black "Shishkov, Konstantin"]
[Result "1-0"]
[WhiteElo "1400"]
[BlackElo "1400"]
[Annotator ""]
[Source ""]
[Remark ""]

1.e4 b6 2.d4 Bb7 3.Nc3 e6 4.Nf3 Bb4 5.Bd3 Nc6 6.a3 Be7 7.O-O
Bf6 8.Be3 Qe7 9.Re1 O-O-O 10.d5 exd5 11.exd5 Ne5 12.Nxe5 Bxe5
13.Bd4 f6 14.Bxe5 fxe5 15.Qe2 d6 16.Rad1 Nf6 17.Ba6 Kb8 18.Bc4
a6 19.Bxa6 Bxa6 20.Qxa6 Qd7 21.Nb5 Qxb5 22.Qxb5 Nd7 23.a4 Ka7
24.Qc6 Kb8 25.Re3 Nc5 26.b4 Na6 27.Rc3 Rde8 28.Qb5 Nxb4 29.Qxb4
Ka7 30.Rb1 c5 31.Qxb6+ Ka8 32.Qb7# 1-0

[Event "Moscow Open 2009 B"]
[Site "www.moscowchessopen.ru"]
[Date "2009.02.08"]
[Round "9.1"]
[White "Poghosyan, Suren"]
[Black "Kursova, Maria"]
[Result "1-0"]
[WhiteElo "2218"]
[BlackElo "2268"]
[Annotator ""]
[Source ""]
[Remark ""]

1.d4 Nf6 2.Nf3 e6 3.Bg5 c5 4.e3 Be7 5.Nbd2 b6 6.c3 Bb7 7.Bd3
Nc6 8.O-O O-O 9.Qe2 cxd4 10.exd4 Nd5 11.Be3 Qc7 12.Nc4 Nf4 13.Bxf4
Qxf4 14.Nfe5 d6 15.g3 Qh6 16.Ng4 Qh3 17.f4 f5 18.Qxe6+ Kh8 19.d5
fxg4 20.dxc6 Bxc6 21.Ne3 Rae8 22.Qxg4 Qh6 23.Nf5 Qf6 24.Nd4 d5
25.Qh5 g6 26.Bxg6 Qxg6 27.Qxg6 hxg6 28.Nxc6 Bc5+ 29.Kh1 Re2 30.b4
Bf2 31.Kg2 Be1+ 32.Kf3 Rc2 33.Ne5 Bxc3 34.Nxg6+ Kg7 35.Nxf8 Bxa1
36.Rxa1 Kxf8 37.h4 1-0

[Event "Moscow Open 2009 B"]
[Site "www.moscowchessopen.ru"]
[Date "2009.02.08"]
[Round "9.2"]
[White "Babikov, Ivan"]
[Black "Petrov, Artur"]
[Result "1/2-1/2"]
[WhiteElo "2284"]
[BlackElo "2253"]
[Annotator ""]
[Source ""]
[Remark ""]

1.e4 e6 2.d4 d5 3.exd5 exd5 4.c4 dxc4 5.Bxc4 Nf6 6.Nc3 Be7 7.Nge2
O-O 8.O-O Nbd7 9.Bb3 c6 10.Qd3 Nc5 11.Qc2 1/2-1/2

[Event "Moscow Open 2009 B"]
[Site "www.moscowchessopen.ru"]
[Date "2009.02.08"]
[Round "9.3"]
[White "Eliseev, Urii"]
[Black "Vdovin, Sergei"]
[Result "0-1"]
[WhiteElo "2249"]
[BlackElo "2263"]
[Annotator ""]
[Source ""]
[Remark ""]

1.e4 c5 2.Nf3 d6 3.d4 cxd4 4.Nxd4 Nf6 5.Nc3 a6 6.f3 e6 7.Be3
b5 8.Qd2 Bb7 9.O-O-O Nfd7 10.Bd3 Nb6 11.Qf2 N8d7 12.f4 b4 13.Nce2
Na4 14.g4 Be7 15.g5 Ndc5 16.Ng3 Rc8 17.Kb1 d5 18.e5 g6 19.h4
Qa5 20.Bc1 Qb6 21.Rh2 Rf8 22.Ka1 Nxd3 23.Rxd3 a5 24.Be3 Nc5 25.Rd1
a4 26.Kb1 Ba6 27.b3 Qa5 28.Bc1 Kd7 29.f5 gxf5 30.Ndxf5 axb3 31.axb3
Ra8 32.Bb2 Bd3 33.Nd4 Rfc8 34.Qe3 Qa2+ 35.Kc1 Bg6 36.Re2 Ne4
37.Nxe4 Bxe4 38.Qf4 Bg6 39.Rh2 Bc5 40.h5 Bxd4 41.Rxd4 Bf5 42.Rxb4
Ra7 43.Ra4 Rxa4 44.Qxa4+ Qxa4 45.bxa4 Rc4 46.a5 Rc5 47.a6 Ra5
48.Rh4 Rxa6 49.Rb4 Kc7 50.Rb3 Ra8 51.Ba3 Ra4 52.Bd6+ Kc6 53.Rc3+
Kb5 54.Rc5+ Kb6 55.Be7 Re4 56.Rc8 Rxe5 57.Bf6 Re2 58.c3 Rh2 59.Rf8
Rxh5 60.Rxf7 Rh2 61.Bd4+ Kb5 62.Rc7 Rg2 63.Bf6 Kb6 64.Bd8 Kb5
65.Be7 Ra2 66.c4+ Kb6 67.Bd8 d4 68.c5+ Kb5 69.Be7 Kc4 70.Rd7
e5 71.c6 Kc3 72.Kd1 d3 73.Ke1 d2+ 0-1

[Event "Moscow Open 2009 B"]
[Site "www.moscowchessopen.ru"]
[Date "2009.02.08"]
[Round "9.4"]
[White "Nikologorsky, Matfei"]
[Black "Tarasova, Viktoriya"]
[Result "0-1"]
[WhiteElo "2196"]
[BlackElo "2257"]
[Annotator ""]
[Source ""]
[Remark ""]

1.c4 e5 2.Nc3 Nf6 3.g3 Bb4 4.Bg2 O-O 5.Nf3 Re8 6.O-O Bxc3 7.bxc3
d6 8.Rb1 Nbd7 9.Ba3 e4 10.Nd4 Ne5 11.c5 Nc4 12.c6 bxc6 13.Nxc6
Qd7 14.Nb8 Qe6 15.Qc1 d5 16.f4 exf3 17.Rxf3 Ng4 18.e4 dxe4 19.Rf4
f5 20.Rb4 Nge5 21.Bf1 a5 22.Rb5 Nb6 23.Rxe5 Qxe5 24.Nc6 Qf6 25.Nd4
g6 26.Bb5 Bd7 27.Be2 Qe5 28.Rh4 c5 29.Nc2 Be6 30.Ne3 Red8 31.Kf2
Rab8 32.Qc2 Bf7 33.c4 Qd4 34.Ke1 Nd7 35.Rf4 Ne5 36.g4 Nd3+ 37.Bxd3
Qe5 38.Be2 Qxf4 39.Bb2 Qxh2 40.gxf5 Qg3+ 41.Kf1 gxf5 42.Qc3 Rd4
43.Nxf5 Qf4+ 44.Ke1 Rxb2 45.Qxb2 Qxf5 46.Qb8+ Kg7 47.Qg3+ Bg6
48.Bg4 Qg5 49.Qc7+ Bf7 0-1

[Event "Moscow Open 2009 B"]
[Site "www.moscowchessopen.ru"]
[Date "2009.02.08"]
[Round "9.5"]
[White "Gevorgyan, David"]
[Black "Pavlov, Aleksandr"]
[Result "1-0"]
[WhiteElo "2252"]
[BlackElo "2274"]
[Annotator ""]
[Source ""]
[Remark ""]

1.e4 c5 2.d3 Nc6 3.g3 g6 4.Bg2 Bg7 5.f4 e6 6.c3 d6 7.Nf3 Nge7
8.O-O O-O 9.Be3 f5 10.Nbd2 b6 11.Re1 Ba6 12.Ng5 Qd7 13.Qb3 Bc8
14.exf5 gxf5 15.Bf2 Rf6 16.d4 Na5 17.Qd1 Rb8 18.Nf1 h6 19.Nf3
Qc7 20.Rc1 Bb7 21.Ne3 Nd5 22.b3 Rd8 23.Qd2 Rf7 24.Nxd5 Bxd5 25.Nh4
Bxg2 26.Nxg2 e5 27.d5 Nb7 28.Qe2 Qd7 29.Qa6 Ra8 30.b4 e4 31.a4
Qc7 32.Ne3 Rff8 33.Nc4 h5 34.h4 Kh7 35.a5 bxa5 36.bxa5 Rf7 37.Rc2
Bf6 38.Qc6 Bd8 39.Ra1 a6 40.Rb2 Rc8 41.Qxa6 Rg7 42.Rxb7 1-0

[Event "Moscow Open 2009 B"]
[Site "www.moscowchessopen.ru"]
[Date "2009.02.08"]
[Round "9.6"]
[White "Pogosian, Georgy"]
[Black "Erzhanov, Arman"]
[Result "1/2-1/2"]
[WhiteElo "2219"]
[BlackElo "2273"]
[Annotator ""]
[Source ""]
[Remark ""]

1.d4 d5 2.Nf3 Nf6 3.c4 c6 4.Nc3 e6 5.cxd5 exd5 6.Bg5 Be7 7.Qc2
g6 8.Bxf6 Bxf6 9.e4 dxe4 10.Qxe4+ Kf8 11.O-O-O Kg7 12.Bc4 b5
13.Bb3 a5 14.d5 a4 15.dxc6 Qa5 16.Bd5 a3 17.b4 Qb6 18.Nd4 Na6
19.g4 Nxb4 20.h4 Qc5 21.Qe3 Kg8 1/2-1/2

[Event "Moscow Open 2009 B"]
[Site "www.moscowchessopen.ru"]
[Date "2009.02.08"]
[Round "9.7"]
[White "Manukyan, Sargis V"]
[Black "Rozhkov, Vecheslav"]
[Result "1/2-1/2"]
[WhiteElo "2198"]
[BlackElo "2243"]
[Annotator ""]
[Source ""]
[Remark ""]

1.d4 d5 2.c4 dxc4 3.Nf3 Nf6 4.e3 e6 5.Bxc4 a6 6.O-O c5 7.Qe2
b5 8.Bb3 Bb7 9.Rd1 Qc7 10.a4 b4 11.Nbd2 Nbd7 12.Nc4 Be7 13.a5
Rc8 14.Bd2 O-O 15.Rac1 Qb8 16.Nfe5 cxd4 17.exd4 Bd5 18.Nxd7 Nxd7
19.Ba4 Rfd8 20.Ne3 Bb7 21.Rxc8 Bxc8 22.Nc4 Bb7 23.Qe1 Bd5 24.Ne3
Ba8 25.d5 Nf8 26.Qe2 exd5 27.Qxa6 Qe5 28.Bc6 Qe6 29.Bb7 Bd6 30.g3
d4 31.Nf1 Bxb7 32.Qxb7 Qb3 33.Qb6 1/2-1/2

[Event "Moscow Open 2009 B"]
[Site "www.moscowchessopen.ru"]
[Date "2009.02.08"]
[Round "9.8"]
[White "Tukhvatullin, Vladislav"]
[Black "Uraev, Ivan"]
[Result "1/2-1/2"]
[WhiteElo "2227"]
[BlackElo "2194"]
[Annotator ""]
[Source ""]
[Remark ""]

1.e4 c5 2.Nf3 e6 3.d4 cxd4 4.Nxd4 a6 5.Nc3 Qc7 6.g3 Bb4 7.Nde2
Nf6 8.Bg2 Nc6 9.O-O Be7 10.h3 d6 11.a4 Bd7 12.Be3 Rc8 13.f4 h5
14.Qe1 Na5 15.b3 b5 16.axb5 axb5 17.Qf2 Bd8 18.Bd4 b4 19.e5 bxc3
20.exf6 gxf6 21.Bxc3 Nc6 22.Kh1 Rb8 23.Rfd1 Be7 24.Bb2 Rg8 25.Rd2
f5 26.h4 Qc8 27.Ba3 Ra8 28.Qe1 Bf6 29.c3 d5 30.Bb2 Rxa1 31.Qxa1
Be7 32.c4 dxc4 33.bxc4 Nb4 34.Qa8 Qxa8 35.Bxa8 Bc5 36.Ba3 Ke7
37.Bf3 Na6 38.Bxc5+ Nxc5 39.Kg2 Ne4 40.Ra2 Nf6 41.c5 Rc8 42.Rc2
Bc6 43.Bxc6 Rxc6 44.Nd4 Rc8 45.Kf3 Nd5 46.Ke2 Kd7 47.c6+ Ke7
48.Rb2 Nc7 49.Kd3 Kd6 50.Kc4 Ra8 51.Rd2 Nd5 52.Nxf5+ Kxc6 53.Nd4+
Kd6 54.Nf3 Rc8+ 55.Kd3 f6 56.Ke2 Rc1 57.Kf2 Rc3 58.Re2 Rd3 59.Rd2
Rxd2+ 60.Nxd2 Kc5 61.Ne4+ Kd4 62.Kf3 e5 63.Nd6 Nc3 64.fxe5 fxe5
65.g4 e4+ 66.Nxe4 Nxe4 67.gxh5 Ke5 1/2-1/2

[Event "Moscow Open 2009 B"]
[Site "www.moscowchessopen.ru"]
[Date "2009.02.08"]
[Round "9.11"]
[White "Likhoman, Mikhail"]
[Black "Yuferev, Oleg"]
[Result "1-0"]
[WhiteElo "2217"]
[BlackElo "2293"]
[Annotator ""]
[Source ""]
[Remark ""]

1.d4 d5 2.Nf3 Nf6 3.Bf4 c5 4.e3 Qb6 5.Qc1 Nc6 6.c3 Bf5 7.Be2
Rc8 8.O-O cxd4 9.Nxd4 Bd7 10.Nxc6 Bxc6 11.Nd2 e6 12.Qc2 Be7 13.Bd3
O-O 14.Be5 g6 15.e4 dxe4 16.Nxe4 Ng4 17.Bf4 f5 18.Ng5 e5 19.Bc4+
Kh8 20.Qe2 Bf6 21.Bc1 e4 22.Bf4 Rce8 23.Nf7+ Kg7 24.h3 e3 25.hxg4
exf2+ 26.Qxf2 Qxf2+ 27.Rxf2 Rxf7 28.Bxf7 Kxf7 29.gxf5 gxf5 30.Rd1
a6 31.Bd6 Kg6 32.Bc5 Bh4 33.Rfd2 Kh5 34.Bf2 Bg5 35.Rd3 h6 36.Re1
Rg8 37.Re6 f4 38.Rdd6 Kg4 39.Rg6 Rf8 40.b4 Rc8 41.Bd4 Kf5 42.Rg7
Be4 43.a4 Bc6 44.a5 Be4 45.Rb6 f3 46.Rbxb7 Bxb7 47.Rxb7 Kg4 48.Rb6
Re8 49.Bf2 Rd8 50.Re6 Kf5 51.Rxa6 Rd1+ 52.Kh2 Bf4+ 53.g3 Rd2
54.gxf4 Rxf2+ 55.Kg3 Rc2 56.Rxh6 Rxc3 57.b5 1-0

[Event "Moscow Open 2009 B"]
[Site "www.moscowchessopen.ru"]
[Date "2009.02.08"]
[Round "9.13"]
[White "Shamugia, Shavleg"]
[Black "Volkov, Sergei"]
[Result "0-1"]
[WhiteElo "2215"]
[BlackElo "2286"]
[Annotator ""]
[Source ""]
[Remark ""]

1.e4 c5 2.Ne2 d6 3.Nbc3 Nf6 4.g3 g6 5.Bg2 Bg7 6.O-O Nc6 7.d3
O-O 8.h3 Rb8 9.Bg5 b5 10.Qd2 b4 11.Nd1 Nd4 12.Nxd4 cxd4 13.Bh6
Nd7 14.Bxg7 Kxg7 15.f4 f5 16.Nf2 e5 17.exf5 gxf5 18.b3 Kh8 19.a3
bxa3 20.Rxa3 a6 21.Kh2 Rg8 22.Bf3 Qf8 23.h4 d5 24.Ra5 e4 25.dxe4
Qg7 26.Rg1 dxe4 27.Bxe4 fxe4 28.Nxe4 Nf6 29.Nxf6 Qxf6 30.Rd5
Bf5 31.Rxd4 Rb6 32.Rc4 Rd6 33.Qc3 Qxc3 34.Rxc3 Rd2+ 35.Rg2 Rgd8
36.Rc5 Be4 37.Rxd2 Rxd2+ 38.Kh3 Bxc2 39.b4 Bd3 40.Rc8+ Kg7 41.Rc7+
Kf6 42.g4 Rb2 43.Rc3 Bb5 44.h5 Rxb4 45.Kg3 Bc4 46.Kh4 Be6 47.g5+
Kf5 48.Kg3 Rb3 49.Rxb3 Bxb3 50.g6 h6 51.Kf3 Bd1+ 52.Ke3 Bxh5
53.g7 Bf7 0-1

[Event "Moscow Open 2009 B"]
[Site "www.moscowchessopen.ru"]
[Date "2009.02.08"]
[Round "9.14"]
[White "Demidov, Alexandr"]
[Black "Gankin, Stanislav"]
[Result "0-1"]
[WhiteElo "2209"]
[BlackElo "2275"]
[Annotator ""]
[Source ""]
[Remark ""]

1.e4 c6 2.d3 d5 3.Nd2 e5 4.g3 Nf6 5.Bg2 Bd6 6.Ne2 Be6 7.h3 Qc8
8.f4 exf4 9.gxf4 dxe4 10.dxe4 Bc5 11.f5 Bxf5 12.exf5 Qxf5 13.Nf3
Ne4 14.Ned4 Qg6 15.O-O O-O 16.Be3 Na6 17.Nh4 Qg3 18.Nhf5 Qe5
19.Qg4 Nd6 20.Rae1 Nxf5 21.Nxf5 g6 22.Bd4 Bxd4+ 23.Qxd4 Qxd4+
24.Nxd4 Rfe8 25.Kf2 Kf8 26.Rxe8+ Rxe8 27.Re1 Rd8 28.Rd1 Rd6 29.Bf3
Nc5 30.b3 f5 31.Ke3 Kf7 32.b4 Na4 33.c4 Rd7 34.Rd2 c5 35.bxc5
Nxc5 36.Nb3 Re7+ 37.Kd4 Ne6+ 38.Kc3 Nf4 39.Bd5+ Kf6 40.Na5 b6
41.Nc6 Re3+ 42.Kb4 a6 43.Nb8 Nd3+ 44.Kc3 Nc5+ 45.Kd4 Rxh3 46.Bg2
Rg3 47.Kd5 Rc3 48.Rb2 Na4 49.Re2 b5 50.Nd7+ Kg5 51.c5 Rxc5+ 52.Nxc5
Nc3+ 53.Ke5 Nxe2 54.Nxa6 Kg4 55.Nc7 Nc3 56.a3 f4 57.Bf1 f3 58.Nxb5
Nxb5 59.Bxb5 h5 60.a4 h4 61.Ke4 Kg3 62.a5 h3 0-1